000 00733nam a2200229 a 4500
001 000042357
005 20201002040112.0
008 131127s2009 sp 000 p spa d
020 _a9788498957136
040 _aDO-SdBNP
_bspa
_cBNPHU
082 _aN861.44
_bC266a
100 1 _aCardenal, Ernesto
_914714
245 1 0 _aAntología Poética. /
_cErnesto Cardenal.
260 _aEspaña, :
_bVisor libros,
_c2009.
300 _a321 p. ;
_c20 cm.
490 1 _aVisor de poesía
_v713
500 _aIncluye datos biografícos del autor en la contracubierta
650 4 _aPoesía nicaraguense
_98179
650 4 _aLiteratura nicaraguense
_98180
830 0 _aVisor de poesía
_n713
_969429
910 _aValidado. Control de calidad MFF
999 _c41846
_d41846